|
|
|
|
| LEADER |
00000nam a2200000Ia 4500 |
| 008 |
180911b2005 cr ||||| |||| 00| | spa d |
| 999 |
|
|
|c 2334
|d 2334
|
| 090 |
|
|
|a 19.01.02
|b 1247
|
| 100 |
|
|
|a García Fallas, Jacqueline
|9 759
|
| 245 |
1 |
0 |
|a Vinculación intrauniversitaria mediante tecnologías de información y comunicación /
|c Jacqueline García Fallas y Carmen Enid Jiménez Araya
|
| 260 |
|
|
|a San José, Costa Rica:
|b INIE,
|c 2005
|
| 300 |
|
|
|a 15 páginas
|
| 500 |
|
|
|a Informe Final de la Actividad de Investigación 724-A5-732
|
| 500 |
|
|
|a Adscrito al Programa en Tecnologías de la Información y la Comunicación
|
| 650 |
1 |
4 |
|a TECNOLOGÍA DE LA INFORMACIÓN
|9 484
|
| 650 |
1 |
4 |
|a TECNOLOGÍA DE LAS COMUNICACIONES
|9 925
|
| 942 |
|
|
|i 001983
|h 19.01.02 1247
|2 z
|c 04
|